El hornero : (Record no. 10758)

MARC details
000 -LEADER
fixed length control field 01167nas a22002777a 4500
005 - DATE AND TIME OF LATEST TRANSACTION
control field 20250428151657.0
007 - PHYSICAL DESCRIPTION FIXED FIELD--GENERAL INFORMATION
fixed length control field cr
008 - FIXED-LENGTH DATA ELEMENTS--GENERAL INFORMATION
fixed length control field 250226c1917 ag |||p| |||| 00| 0 spa d
022 ## - INTERNATIONAL STANDARD SERIAL NUMBER
International Standard Serial Number 00733407 (impresa)
022 ## - INTERNATIONAL STANDARD SERIAL NUMBER
International Standard Serial Number 18504884 (en línea)
040 ## - CATALOGING SOURCE
Transcribing agency AR-FvUNAJ
245 10 - TITLE STATEMENT
Title El hornero :
Remainder of title revista de ornotología neotropical /
Statement of responsibility, etc Departamento Científico de Aves Argentinas
260 ## - PUBLICATION, DISTRIBUTION, ETC. (IMPRINT)
Place of publication, distribution, etc CABA :
Name of publisher, distributor, etc Aves Argentinas,
Date of publication, distribution, etc 1917 -
300 ## - PHYSICAL DESCRIPTION
Extent Impresa y digital
362 ## - DATES OF PUBLICATION AND/OR SEQUENTIAL DESIGNATION
Dates of publication and/or sequential designation Vol. 1, No. 1 (oct 1917) -
500 ## - GENERAL NOTE
General note En sus inicios la publicación fue editada por la Sociedad Ornitológica del Plata, a partir del año 2001 cambiaría su denominación a Aves Argentinas.
650 27 - SUBJECT ADDED ENTRY--TOPICAL TERM
Source of heading or term agrovoc
9 (RLIN) 21280
Topical term or geographic name as entry element ORNITOLOGIA
651 27 - SUBJECT ADDED ENTRY--GEOGRAPHIC NAME
Source of heading or term unescot
9 (RLIN) 326
Geographic name ARGENTINA
653 20 - INDEX TERM--UNCONTROLLED
Uncontrolled term AVES NEOTROPICALES
710 1# - ADDED ENTRY--CORPORATE NAME
9 (RLIN) 21286
Corporate name or jurisdiction name as entry element Aves Argentinas
856 41 - ELECTRONIC LOCATION AND ACCESS
Uniform Resource Identifier <a href="https://elhornero.avesargentinas.org.ar/home/index">https://elhornero.avesargentinas.org.ar/home/index</a>
856 41 - ELECTRONIC LOCATION AND ACCESS
Uniform Resource Identifier <a href="https://elhornero.avesargentinas.org.ar/home/article/view/818/797">https://elhornero.avesargentinas.org.ar/home/article/view/818/797</a>
Link text CORMORANES DE LA COSTA PATAGÓNICA:ESTADO POBLACIONAL, ECOLOGÍA Y CONSERVACIÓN
869 ## - Existencias
Año ----
942 ## - ADDED ENTRY ELEMENTS (KOHA)
Source of classification or shelving scheme Dewey Decimal Classification
Item type Revista electrónica
980 ## - EQUIVALENCE OR CROSS-REFERENCE-SERIES STATEMENT--PERSONAL NAME/TITLE [LOCAL, CANADA]
Linkage 19227
Personal name Leticia Ana Abalos
Field link and sequence number 19227
Miscellaneous information Leticia Ana Abalos
Holdings
Withdrawn status Lost status Source of classification or shelving scheme Damaged status Not for loan Collection code Home library Current library Date acquired Total Checkouts Date last seen Uniform Resource Identifier Price effective from Koha item type Serial Enumeration / chronology
    Dewey Decimal Classification   Acceso en línea Revistas Biblioteca Central Biblioteca Central 26/02/2025   26/02/2025 https://elhornero.avesargentinas.org.ar/home/issue/archive 26/02/2025 Revista electrónica  
    Dewey Decimal Classification   Acceso en línea Revistas Biblioteca Central Biblioteca Central 28/04/2025   28/04/2025 https://elhornero.avesargentinas.org.ar/home/issue/view/20-1 28/04/2025 Revista electrónica Vol. 20, No. 1 (ago 2005)

Lunes a Viernes 8:30 a 19:00 hs. Cerrado por mudanza
Av.Calchaqui 6200 Florencio Varela (CP188) 2°piso Edificio Mosconi Aula 209-210
Mail: bibliotecacentralunaj@gmail.com  
Whatsapp(54 9)1122668024    ❔Pregunte a la bibliotecaria
© Universidad Nacional Arturo Jauretche | Secretaría Académica | Biblioteca Central UNAJ